header

May We Sleep Here Tonight (Record no. 263673)

MARC details
000 -LEADER
fixed length control field 00225nam a22000977a 4500
020 ## - INTERNATIONAL STANDARD BOOK NUMBER
ISBN 0689502613
100 ## - MAIN ENTRY--AUTHOR NAME
Personal name Tan Koide
245 ## - TITLE STATEMENT
Title May We Sleep Here Tonight
260 ## - PUBLICATION, DISTRIBUTION, ETC. (IMPRINT)
Place of publication New York
Name of publisher Atheneum Publishers
Year of publication 1983
942 ## - ADDED ENTRY ELEMENTS (KOHA)
Koha item type Long Loan Books
Holdings
Withdrawn status Lost status Collection code Home library Current library Shelving location Date acquired Accession Number Koha item type
    Fiction Rongo University Library Rongo University Library Children's Area 28/05/2024 CL2021906 Long Loan Books

© 2026 Rongo University
Contact us: librarian | system librarian | Rongo university